DEEP LEARNING (Record no. 33320)

MARC details
000 -LEADER
fixed length control field 00312nam a22001457a 4500
003 - CONTROL NUMBER IDENTIFIER
control field SGT
020 ## - INTERNATIONAL STANDARD BOOK NUMBER
International Standard Book Number 9780262035613
082 ## - DEWEY DECIMAL CLASSIFICATION NUMBER
Classification number 006.31,GOO
100 ## - MAIN ENTRY--PERSONAL NAME
Personal name GOODFELLOW, IAN
245 ## - TITLE STATEMENT
Title DEEP LEARNING
260 ## - PUBLICATION, DISTRIBUTION, ETC. (IMPRINT)
Place of publication, distribution, etc LONDON
Name of publisher, distributor, etc THE MIT PRESS
Year of Publication 2016
300 ## - PAGE DESCRIPTION
No. of Pages 775
650 ## - SUBJECT ADDED ENTRY--TOPICAL TERM
Topical term or geographic name as entry element COMPUTER SCIENCE
942 ## - ADDED ENTRY ELEMENTS (KOHA)
Source of classification or shelving scheme Dewey Decimal Classification
Koha item type Books
Holdings
Withdrawn status Lost status Source of classification or shelving scheme Damaged status Not for loan Collection code Home library Current library Shelving location Date acquired Vendor Name Cost, normal purchase price SGTU Bill Number Full call number Accession No. (Barcode) Date last seen Bill Date Koha item type Total Checkouts
    Dewey Decimal Classification   Not For Loan ENGINEERING SGT Engineering Library SGT Engineering Library Reference Book 12/01/2026 BRIJWASI BOOK DISTRIBUTORS 6086.00 SGTU IN/BW/000347 006.31,GOO FE9443 12/01/2026 12/12/2025 Books  
    Dewey Decimal Classification     ENGINEERING SGT Engineering Library SGT Engineering Library Text Book 12/01/2026 BRIJWASI BOOK DISTRIBUTORS 6086.00 SGTU IN/BW/000347 006.31,GOO FE9444 12/01/2026 12/12/2025 Books